BSOP header

我该结婚吗?/ (Record no. 38902)

MARC details
000 -LEADER
fixed length control field 00598nam a22002057a 4500
008 - FIXED-LENGTH DATA ELEMENTS--GENERAL INFORMATION
fixed length control field 150702s2012 cc ||||| |||| 00| 0 chi d
020 ## - INTERNATIONAL STANDARD BOOK NUMBER
International Standard Book Number 9787506827133
040 ## - CATALOGING SOURCE
Original cataloging agency FJU
041 1# - LANGUAGE CODE
Language code of text/sound track or separate title chi
Language code of original and/or intermediate translations of text eng
050 ## - LIBRARY OF CONGRESS CALL NUMBER
Classification number BV835
100 1# - MAIN ENTRY--PERSONAL NAME
Personal name 布莱恩·史密斯
Fuller form of name (Smith, M. Blaine)
245 10 - TITLE STATEMENT
Title 我该结婚吗?/
Statement of responsibility, etc 布莱恩·史密斯 = M.Blaine Smith 著;杨淑智,田耀龙译
250 ## - EDITION STATEMENT
Edition statement 修订版
260 ## - PUBLICATION, DISTRIBUTION, ETC. (IMPRINT)
Place of publication, distribution, etc 北京 :
Name of publisher, distributor, etc 中国书籍,
Date of publication, distribution, etc 2012
300 ## - PHYSICAL DESCRIPTION
Extent 239面
500 ## - GENERAL NOTE
General note 譯自:Should I get married?
700 1# - ADDED ENTRY--PERSONAL NAME
Personal name 杨淑智,
Relator term
700 1# - ADDED ENTRY--PERSONAL NAME
Personal name 田耀龙,
Relator term
942 ## - ADDED ENTRY ELEMENTS (KOHA)
Source of classification or shelving scheme Library of Congress Classification
Item type Books
Holdings
Withdrawn status Lost status Source of classification or shelving scheme Damaged status Not for loan Home library Current library Shelving location Date acquired Accession number Total Checkouts Full call number Barcode Date last seen Price effective from Koha item type
    Library of Congress Classification     BSOP Library BSOP Library Chinese Books (General Circulation) 07/02/2015 C-13759   CH BV 835 S6 00046159 07/02/2015 07/02/2015 Books
BSOP

Biblical Seminary of the Philippines
  All rights Reserved
  © 2024

CONTACT INFORMATION

Biblical Seminary of the Philippines,
  77-B Karuhatan Road, Valenzuela City,
  PHILIPPINES 1441
  Phone: +632 8292-6795 / 8292-6798
  Fax : +632 8292-6675
  Email: library@bsop.edu.ph